[Event "Miguel Najdorf Memorial 2010 Torneo B"]
[Site "Warszawa POL"]
[Date "2010.07.17"]
[Round "2.8"]
[White "Pietrzak, Wojciech"]
[Black "Kwiek, Janusz"]
[Result "1/2-1/2"]
[WhiteElo "1949"]
[BlackElo "1728"]
[PlyCount "127"]
[EventDate "2010.07.17"]
[EventType "swiss"]
[EventRounds "9"]
[EventCountry "POL"]
[Source "lmi"]
[SourceDate "2010.07.17"]

1. e4 c5 2. c3 Nf6 3. e5 Nd5 4. g3 d6 5. exd6 Qxd6 6. Bg2 g6 7. d4 Nf6 8. Bf4
Qb6 9. dxc5 Qxc5 10. Ne2 Bg7 11. Qa4+ Bd7 12. Qd4 Qc8 13. Bxb8 Qxb8 14. Qb4 Qc7
15. Nd4 a5 16. Qxb7 Qxb7 17. Bxb7 Rb8 18. Bg2 Rxb2 19. O-O O-O 20. Na3 Rc8 21.
Rfc1 e5 22. Nf3 Ng4 23. Rd1 Ba4 24. Rd2 Rxd2 25. Nxd2 Rxc3 26. Nac4 Rd3 27. Rb1
Bh6 28. Ne4 Kg7 29. h3 Nf6 30. Nxe5 Rd1+ 31. Rxd1 Bxd1 32. Nxf6 Kxf6 33. Nc4 a4
34. Bc6 Be2 35. Nb6 a3 36. f4 Bf8 37. Nd7+ Ke7 38. Nxf8 Kxf8 39. Bd5 Ke7 40.
Kf2 Bb5 41. Ke3 f6 42. Kd4 Kd6 43. Bg8 h6 44. Kc3 Kc5 45. Kb3 Bd7 46. h4 Kd4
47. Kxa3 Ke3 48. Bf7 Kf3 49. Bxg6 Kxg3 50. h5 Kxf4 51. Kb4 Ke3 52. Kc5 f5 53.
Kd6 Bc8 54. Kc7 Be6 55. Kd6 Bxa2 56. Bxf5 Kf4 57. Bg6 Bb3 58. Be8 Kg5 59. Ke5
Bc2 60. Bf7 Bf5 61. Be8 Bg4 62. Bf7 Bxh5 63. Bxh5 Kxh5 64. Kf5 1/2-1/2

[Event "Miguel Najdorf Memorial 2010 Torneo B"]
[Site "Warszawa POL"]
[Date "2010.07.17"]
[Round "2.9"]
[White "Harazinska, Ewa"]
[Black "Wolski, Jaroslaw"]
[Result "0-1"]
[WhiteElo "1719"]
[BlackElo "1946"]
[PlyCount "62"]
[EventDate "2010.07.17"]
[EventType "swiss"]
[EventRounds "9"]
[EventCountry "POL"]
[Source "lmi"]
[SourceDate "2010.07.17"]

1. Nf3 Nf6 2. g3 g6 3. Bg2 Bg7 4. O-O O-O 5. c4 d6 6. d4 c5 7. Nc3 Nc6 8. dxc5
dxc5 9. Be3 Qa5 10. Na4 Rd8 11. Bd2 Qa6 12. Nxc5 Qxc4 13. Nd3 Bf5 14. Rc1 Qa6
15. Nc5 Qb6 16. Qa4 Rac8 17. Rfd1 Qxb2 18. Nb3 Bc2 19. Re1 Ne4 20. Rxc2 Qxc2
21. Rc1 Qb2 22. Qxe4 Qxa2 23. Rb1 Rd6 24. Bf4 e5 25. Bg5 b5 26. Nfd2 f5 27. Qh4
e4 28. Bf4 Rd7 29. f3 Nd4 30. Nxd4 Bxd4+ 31. Kf1 e3 0-1

[Event "Miguel Najdorf Memorial 2010 Torneo B"]
[Site "Warszawa POL"]
[Date "2010.07.17"]
[Round "2.10"]
[White "Szwaj, Jacek"]
[Black "Drozdowski, Konrad"]
[Result "1-0"]
[WhiteElo "1944"]
[BlackElo "1703"]
[PlyCount "113"]
[EventDate "2010.07.17"]
[EventType "swiss"]
[EventRounds "9"]
[EventCountry "POL"]
[Source "lmi"]
[SourceDate "2010.07.17"]

1. e4 e5 2. Nf3 Nf6 3. Nxe5 d6 4. Nf3 Nxe4 5. Nc3 Nxc3 6. dxc3 Be7 7. Bd3 Nc6
8. Bf4 Be6 9. Qd2 Qd7 10. O-O O-O 11. Rfe1 Bf6 12. Bg5 Bxg5 13. Nxg5 Bf5 14.
Re3 h6 15. Ne4 Bxe4 16. Bxe4 Rfe8 17. Rae1 Red8 18. Rg3 Kh8 19. Rh3 Kg8 20. Qf4
d5 21. Bd3 Re8 22. Rhe3 Rxe3 23. Qxe3 Rf8 24. Bb5 a6 25. Bxc6 Qxc6 26. f4 Qa4
27. f5 Qc6 28. a3 Qd6 29. Rf1 Qf6 30. g4 Rd8 31. Rd1 h5 32. h3 hxg4 33. hxg4
Qh6 34. Qxh6 gxh6 35. Kf2 Kg7 36. c4 d4 37. Kf3 Kf6 38. Rh1 Kg7 39. Ke4 f6 40.
c5 Re8+ 41. Kxd4 Re2 42. Kc3 Rg2 43. Rd1 b6 44. cxb6 cxb6 45. Rd7+ Kg8 46. Rd4
Kf7 47. a4 Rg3+ 48. Kb4 Ke7 49. a5 b5 50. c4 bxc4 51. Kxc4 Rg2 52. b4 Rb2 53.
Kc5 Rc2+ 54. Kb6 Rc8 55. Kxa6 Rc6+ 56. Kb7 Rc1 57. a6 1-0

[Event "Miguel Najdorf Memorial 2010 Torneo B"]
[Site "Warszawa POL"]
[Date "2010.07.17"]
[Round "2.11"]
[White "Niedzwiecki, Miroslaw"]
[Black "Mietek, Lukasz"]
[Result "0-1"]
[WhiteElo "1701"]
[BlackElo "1939"]
[PlyCount "52"]
[EventDate "2010.07.17"]
[EventType "swiss"]
[EventRounds "9"]
[EventCountry "POL"]
[Source "lmi"]
[SourceDate "2010.07.17"]

1. e4 d6 2. d4 Nf6 3. Nc3 g6 4. Be3 Bg7 5. f3 Nbd7 6. Qd2 c6 7. O-O-O h5 8. h3
Qa5 9. Bd3 b5 10. a3 Rb8 11. Na2 Qb6 12. d5 c5 13. Nb4 Bb7 14. Ne2 a5 15. Nc6
Bxc6 16. dxc6 Qxc6 17. Qxa5 O-O 18. g4 Rb6 19. gxh5 Nxh5 20. Rdg1 Ra8 21. Qe1
b4 22. Bc4 bxa3 23. Rxg6 axb2+ 24. Kd2 b1=Q 25. Qh4 Qb4+ 26. Kd3 Ne5# 0-1

[Event "Miguel Najdorf Memorial 2010 Torneo B"]
[Site "Warszawa POL"]
[Date "2010.07.17"]
[Round "2.12"]
[White "Hagner, Pawel"]
[Black "Prazmowski, Wlodzimierz"]
[Result "1-0"]
[WhiteElo "1901"]
[BlackElo "1701"]
[PlyCount "165"]
[EventDate "2010.07.17"]
[EventType "swiss"]
[EventRounds "9"]
[EventCountry "POL"]
[Source "lmi"]
[SourceDate "2010.07.17"]

1. d4 d5 2. Nf3 Nf6 3. Bg5 e6 4. e3 Nbd7 5. Nbd2 c5 6. c3 Qb6 7. Qc2 Bd6 8. a4
c4 9. e4 Nxe4 10. Nxe4 dxe4 11. Nd2 h6 12. Bh4 g5 13. Bg3 Bxg3 14. hxg3 f5 15.
Nxc4 Qc7 16. Be2 Nb6 17. Bh5+ Ke7 18. Ne5 Kf6 19. g4 Nc4 20. gxf5 exf5 21. Nxc4
Qxc4 22. Be2 Qc7 23. Qd2 Bd7 24. Qc2 Rae8 25. O-O g4 26. Bb5 h5 27. Qb3 h4 28.
Qd5 Be6 29. Qe5+ Qxe5 30. dxe5+ Kxe5 31. Bxe8 Rxe8 32. Rfd1 f4 33. Rd4 f3 34.
gxf3 gxf3 35. Kh2 h3 36. Rg1 Kf4 37. Rg7 Kf5 38. Rd6 Ke5 39. Rd4 e3 40. fxe3 f2
41. Rf4 Bb3 42. Rxb7 Bxa4 43. Rxa7 Bc6 44. Rxf2 Bg2 45. Rf4 Rb8 46. b4 Rd8 47.
Ra5+ Ke6 48. Rh4 Rd3 49. Rh6+ Kf7 50. Ra7+ Kg8 51. Rb6 Rd8 52. c4 Bf1 53. Rg6+
Kh8 54. Ra2 Bxc4 55. Rf2 Rd3 56. Rf3 Kh7 57. Rg4 Rd2+ 58. Kh1 Rd1+ 59. Kh2 Bf1
60. Rh4+ Kg6 61. Rg3+ Kf5 62. Rf4+ Ke6 63. Rg6+ Ke5 64. Rgf6 Bg2 65. Rh6 Re1
66. Rh5+ Ke6 67. e4 Bxe4 68. Kxh3 Rh1+ 69. Kg4 Rg1+ 70. Kh4 Rh1+ 71. Kg5 Rg1+
72. Rg4 Re1 73. Rh8 Kd7 74. Rf4 Rg1+ 75. Kf6 Rg6+ 76. Ke5 Re6+ 77. Kd4 Bc6 78.
Rf7+ Re7 79. Rxe7+ Kxe7 80. Kc5 Be8 81. b5 Bg6 82. b6 Be4 83. b7 1-0

[Event "Miguel Najdorf Memorial 2010 Torneo B"]
[Site "Warszawa POL"]
[Date "2010.07.17"]
[Round "2.13"]
[White "Golebiewski, Marek"]
[Black "Eggink, Ryszard"]
[Result "0-1"]
[WhiteElo "1670"]
[BlackElo "1896"]
[PlyCount "30"]
[EventDate "2010.07.17"]
[EventType "swiss"]
[EventRounds "9"]
[EventCountry "POL"]
[Source "lmi"]
[SourceDate "2010.07.17"]

1. e4 c5 2. Nf3 Nc6 3. d4 cxd4 4. Nxd4 Nf6 5. Nc3 e6 6. Bc4 Bb4 7. f3 d5 8.
exd5 Nxd5 9. Nde2 Qh4+ 10. g3 Qxc4 11. Bd2 Nxc3 12. Nxc3 O-O 13. a3 Bxc3 14.
Bxc3 Rd8 15. Qc1 Nd4 0-1

[Event "Miguel Najdorf Memorial 2010 Torneo B"]
[Site "Warszawa POL"]
[Date "2010.07.17"]
[Round "2.14"]
[White "Debowska, Teresa"]
[Black "Januszkiewicz, Wojciech"]
[Result "0-1"]
[WhiteElo "1895"]
[BlackElo "1692"]
[PlyCount "120"]
[EventDate "2010.07.17"]
[EventType "swiss"]
[EventRounds "9"]
[EventCountry "POL"]
[Source "lmi"]
[SourceDate "2010.07.17"]

1. e4 c5 2. d3 Nc6 3. Nc3 g6 4. g3 Bg7 5. Bg2 Rb8 6. Be3 d6 7. Qd2 b5 8. f4 b4
9. Nd1 Qb6 10. Nf3 Nh6 11. h3 f5 12. Ng5 O-O 13. O-O a5 14. Qf2 e5 15. Rb1 Qc7
16. Qd2 Nf7 17. Nxf7 Rxf7 18. exf5 Bxf5 19. Bd5 Bxh3 20. Qh2 Bxf1 21. Kxf1 exf4
22. gxf4 Nd4 23. c3 bxc3 24. Nxc3 Nf5 25. Bd2 Bxc3 26. Bxf7+ Qxf7 27. Bxc3 Ne3+
28. Ke2 Nd5 29. Bd2 Re8+ 30. Kd1 Qf5 31. Kc2 c4 32. Rh1 cxd3+ 33. Kb1 h5 34.
Qh3 Qxh3 35. Rxh3 Nxf4 36. Rh1 Ne2 37. Bxa5 Rf8 38. Bb4 Rc8 39. a3 Rc4 40. Rd1
Rd4 41. Bd2 h4 42. Rh1 Ng3 43. Rg1 Rg4 44. b4 h3 45. b5 h2 46. Rd1 h1=Q 47.
Rxh1 Nxh1 48. b6 Re4 49. Kb2 Re8 50. a4 Kf7 51. a5 Ke7 52. Bf4 Kd7 53. b7 g5
54. a6 Rb8 55. Bxg5 Kc6 56. Bf4 Nf2 57. Kc3 Ne4+ 58. Kd4 d2 59. Bxd2 Nxd2 60.
a7 Kxb7 0-1

[Event "Miguel Najdorf Memorial 2010 Torneo B"]
[Site "Warszawa POL"]
[Date "2010.07.17"]
[Round "2.15"]
[White "Bartczak, Hanna"]
[Black "Prazmowski, Bartosz"]
[Result "1/2-1/2"]
[WhiteElo "1657"]
[BlackElo "1893"]
[PlyCount "102"]
[EventDate "2010.07.17"]
[EventType "swiss"]
[EventRounds "9"]
[EventCountry "POL"]
[Source "lmi"]
[SourceDate "2010.07.17"]

1. d4 d5 2. c4 c6 3. Nc3 Nf6 4. Nf3 dxc4 5. e3 b5 6. a4 b4 7. Na2 e6 8. Bxc4
Be7 9. Bd2 a5 10. Nc1 Ba6 11. Qc2 Bxc4 12. Qxc4 Qd5 13. Qxd5 Nxd5 14. Nd3 Na6
15. Rc1 Rc8 16. Nfe5 c5 17. dxc5 Nxc5 18. Nxc5 Rxc5 19. Rxc5 Bxc5 20. Nc4 Nb6
21. Nxb6 Bxb6 22. b3 Ke7 23. Ke2 f5 24. Rc1 Kd7 25. Rc4 Rf8 26. f3 e5 27. e4 f4
28. Be1 Bg1 29. h3 Rf6 30. Bf2 Bxf2 31. Kxf2 Rc6 32. Rxc6 Kxc6 33. g3 fxg3+ 34.
Kxg3 Kc5 35. f4 Kd4 36. Kf3 h6 37. h4 h5 38. fxe5 Kxe5 39. Ke3 Ke6 40. Kf4 Kf6
41. e5+ Ke6 42. Ke4 g6 43. Kd4 g5 44. hxg5 h4 45. Ke4 h3 46. Kf3 Kxe5 47. Kg3
h2 48. Kxh2 Kf5 49. g6 Kxg6 50. Kg3 Kg5 51. Kf3 Kf5 1/2-1/2

[Event "Miguel Najdorf Memorial 2010 Torneo B"]
[Site "Warszawa POL"]
[Date "2010.07.18"]
[Round "3.1"]
[White "Ceglowski, Ryszard"]
[Black "Jarmula, Pawel"]
[Result "1-0"]
[WhiteElo "1864"]
[BlackElo "1971"]
[PlyCount "69"]
[EventDate "2010.07.17"]
[EventType "swiss"]
[EventRounds "9"]
[EventCountry "POL"]
[Source "lmi"]
[SourceDate "2010.07.17"]

1. d4 Nf6 2. Nf3 g6 3. g3 Bg7 4. Bg2 O-O 5. O-O d6 6. c4 Nbd7 7. Nc3 c6 8. e4
e5 9. d5 Nc5 10. Qc2 a5 11. Be3 Na6 12. a3 Ng4 13. Bg5 f6 14. Bd2 f5 15. Nh4 f4
16. h3 Nf6 17. Nf3 h5 18. gxf4 exf4 19. e5 Bf5 20. Qc1 Ne4 21. Bxf4 Nac5 22.
Qe3 Nxc3 23. bxc3 cxd5 24. exd6 Nb3 25. Rae1 dxc4 26. Ng5 Qf6 27. Bd5+ Kh8 28.
Be5 Qxe5 29. Qxe5 Bxe5 30. Rxe5 Rae8 31. Re7 Rxe7 32. dxe7 Re8 33. Re1 Kg7 34.
Bxc4 Nd2 35. Bb5 1-0

[Event "Miguel Najdorf Memorial 2010 Torneo B"]
[Site "Warszawa POL"]
[Date "2010.07.18"]
[Round "3.2"]
[White "Skwarczylo, Marek"]
[Black "Eggink, Mateusz"]
[Result "0-1"]
[WhiteElo "1964"]
[BlackElo "1833"]
[PlyCount "94"]
[EventDate "2010.07.17"]
[EventType "swiss"]
[EventRounds "9"]
[EventCountry "POL"]
[Source "lmi"]
[SourceDate "2010.07.17"]

1. d4 d5 2. Nf3 Nf6 3. c4 dxc4 4. e3 e6 5. Bxc4 c5 6. O-O a6 7. a4 Nc6 8. Nc3
Be7 9. dxc5 Qxd1 10. Rxd1 Bxc5 11. h3 O-O 12. e4 Nd7 13. Bf4 Re8 14. e5 Bf8 15.
Ne4 Nc5 16. Nd6 Bxd6 17. Rxd6 h6 18. a5 g5 19. Bh2 Bd7 20. Be2 Rad8 21. Rad1
Bc8 22. Rxd8 Rxd8 23. Rxd8+ Nxd8 24. b4 Ne4 25. Nd4 Nc3 26. Bc4 Bd7 27. Bg3 Bb5
28. Bf1 Bxf1 29. Kxf1 Nd5 30. f3 Nxb4 31. Be1 Nbc6 32. Nxc6 Nxc6 33. Bc3 Kf8
34. Ke2 Ke7 35. Kd3 Kd7 36. Kc4 Ne7 37. Bb4 Ng6 38. Bc3 Nf4 39. g3 Nxh3 40. Bd4
g4 41. f4 h5 42. Be3 Kc6 43. Kd4 Kb5 44. Bd2 Ng1 45. Ke4 Nf3 46. Bc3 h4 47.
gxh4 Nxh4 0-1

[Event "Miguel Najdorf Memorial 2010 Torneo B"]
[Site "Warszawa POL"]
[Date "2010.07.18"]
[Round "3.3"]
[White "Jarmula, Lukasz"]
[Black "Dobrowolski, Marcin"]
[Result "1/2-1/2"]
[WhiteElo "1801"]
[BlackElo "1964"]
[PlyCount "68"]
[EventDate "2010.07.17"]
[EventType "swiss"]
[EventRounds "9"]
[EventCountry "POL"]
[Source "lmi"]
[SourceDate "2010.07.17"]

1. e4 g6 2. d4 Bg7 3. Nc3 c6 4. f4 d5 5. e5 Nh6 6. Nf3 O-O 7. Bd3 Bg4 8. h3
Bxf3 9. Qxf3 f6 10. Qe2 fxe5 11. fxe5 Nf5 12. Bxf5 Rxf5 13. g4 Rf7 14. Be3 c5
15. dxc5 Bxe5 16. O-O-O e6 17. Bh6 Nc6 18. h4 Rc8 19. Bg5 Qf8 20. Rhf1 Rcc7 21.
Nb5 Rxf1 22. Rxf1 Rf7 23. Rxf7 Qxf7 24. Nxa7 Bf4+ 25. Bxf4 Qxf4+ 26. Kb1 Nxa7
27. Qxe6+ Qf7 28. Qe2 Nc6 29. a3 Qe7 30. Qb5 Ne5 31. Qe2 Nc6 32. Qb5 d4 33. Qa5
Kf7 34. Qb6 Qd7 1/2-1/2

[Event "Miguel Najdorf Memorial 2010 Torneo B"]
[Site "Warszawa POL"]
[Date "2010.07.18"]
[Round "3.4"]
[White "Grabara, Krzysztof"]
[Black "Stodolnik, Alicja"]
[Result "1-0"]
[WhiteElo "1961"]
[BlackElo "1803"]
[PlyCount "37"]
[EventDate "2010.07.17"]
[EventType "swiss"]
[EventRounds "9"]
[EventCountry "POL"]
[Source "lmi"]
[SourceDate "2010.07.17"]

1. e4 c5 2. Nf3 e6 3. Be2 Nc6 4. O-O Nf6 5. Nc3 d6 6. d4 cxd4 7. Nxd4 Bd7 8.
Ndb5 Qb8 9. Bf4 e5 10. Bg5 a6 11. Bxf6 gxf6 12. Na3 f5 13. Nd5 Qd8 14. Nc4 Be6
15. Ncb6 Rb8 16. exf5 Bxf5 17. Bg4 Bxg4 18. Qxg4 h5 19. Nf6+ 1-0

[Event "Miguel Najdorf Memorial 2010 Torneo B"]
[Site "Warszawa POL"]
[Date "2010.07.18"]
[Round "3.5"]
[White "Wolski, Jaroslaw"]
[Black "Puszkarek, Kamil"]
[Result "0-1"]
[WhiteElo "1946"]
[BlackElo "1770"]
[PlyCount "94"]
[EventDate "2010.07.17"]
[EventType "swiss"]
[EventRounds "9"]
[EventCountry "POL"]
[Source "lmi"]
[SourceDate "2010.07.17"]

1. e4 c5 2. Nf3 d6 3. d4 cxd4 4. Nxd4 Nf6 5. Nc3 a6 6. Be2 e5 7. Nb3 Be7 8. Be3
O-O 9. O-O Be6 10. a4 Nc6 11. a5 d5 12. Bb6 Qd7 13. exd5 Nxd5 14. Nxd5 Qxd5 15.
Qc1 Rac8 16. Rd1 Qe4 17. Bd3 Qh4 18. g3 Qh5 19. c4 Bg4 20. Re1 f5 21. Bf1 Bb4
22. Re3 f4 23. Rd3 Rce8 24. Ra4 Rf6 25. Nd2 Rh6 26. h4 Be2 27. Rd7 Qg4 28. Bxe2
Qxd7 29. Ne4 fxg3 30. fxg3 Nd4 31. Bd1 Ne2+ 32. Bxe2 Qxa4 33. h5 Bxa5 34. Be3
Bb6 35. Nc5 Qc6 36. b4 Bxc5 37. bxc5 Rf6 38. Qd1 a5 39. h6 gxh6 40. Qa1 Qe4 41.
Qc3 Ref8 42. Qd2 Kh8 43. Bxh6 Rg8 44. Bg7+ Kxg7 45. Qg5+ Qg6 46. Qxe5 Qf5 47.
Qe7+ Rf7 0-1

[Event "Miguel Najdorf Memorial 2010 Torneo B"]
[Site "Warszawa POL"]
[Date "2010.07.18"]
[Round "3.6"]
[White "Borowicz, Miroslaw"]
[Black "Szwaj, Jacek"]
[Result "1/2-1/2"]
[WhiteElo "1785"]
[BlackElo "1944"]
[PlyCount "114"]
[EventDate "2010.07.17"]
[EventType "swiss"]
[EventRounds "9"]
[EventCountry "POL"]
[Source "lmi"]
[SourceDate "2010.07.17"]

1. d4 Nf6 2. c4 e6 3. Nc3 Bb4 4. Qc2 O-O 5. Bg5 c5 6. e3 h6 7. Bh4 Nc6 8. dxc5
Bxc5 9. a3 Ne5 10. Be2 a6 11. Nf3 Bd6 12. Rd1 Qc7 13. Bxf6 gxf6 14. Ne4 Nxf3+
15. Bxf3 Be5 16. Be2 d5 17. Ng3 dxc4 18. f4 Qa5+ 19. Kf2 Bc7 20. Qxc4 b5 21.
Qc6 Qb6 22. Rc1 Qxc6 23. Rxc6 Bd8 24. Rd1 f5 25. Bf3 Bb7 26. Rcd6 Bxf3 27. Kxf3
Be7 28. Rd7 Rfd8 29. e4 fxe4+ 30. Nxe4 Kf8 31. g4 Rxd7 32. Rxd7 Rc8 33. Rd2 f6
34. h3 a5 35. Ke3 Rc7 36. Ng3 Bc5+ 37. Ke4 Ke7 38. h4 Bd6 39. h5 Rc4+ 40. Rd4
Rxd4+ 41. Kxd4 Bxf4 42. Ne2 Be5+ 43. Kc5 Bxb2 44. Kxb5 Bxa3 45. Kxa5 Kd6 46.
Ka4 Bc5 47. Kb5 Ba7 48. Kc4 Ke5 49. Kd3 f5 50. gxf5 Kxf5 51. Nc3 Kg5 52. Ke4
Bb8 53. Kf3 Kxh5 54. Ne4 Kg6 55. Nc5 e5 56. Nd7 Kf5 57. Nxe5 Kxe5 1/2-1/2

[Event "Miguel Najdorf Memorial 2010 Torneo B"]
[Site "Warszawa POL"]
[Date "2010.07.18"]
[Round "3.7"]
[White "Mietek, Lukasz"]
[Black "Parol, Pawel"]
[Result "1/2-1/2"]
[WhiteElo "1939"]
[BlackElo "1764"]
[PlyCount "90"]
[EventDate "2010.07.17"]
[EventType "swiss"]
[EventRounds "9"]
[EventCountry "POL"]
[Source "lmi"]
[SourceDate "2010.07.17"]

1. d4 d5 2. Nf3 Nf6 3. e3 e6 4. Bd3 c5 5. c3 Nc6 6. O-O Bd6 7. Nbd2 O-O 8. Re1
e5 9. dxe5 Nxe5 10. Nxe5 Bxe5 11. Nf3 Bd6 12. h3 Re8 13. a3 Ne4 14. Nd2 Bc7 15.
Nxe4 dxe4 16. Bb5 Re5 17. Qxd8+ Bxd8 18. Rd1 Be6 19. Ba4 Bc7 20. b4 c4 21. Bb2
b5 22. Bc2 f5 23. a4 Rd8 24. Rxd8+ Bxd8 25. axb5 Bb6 26. Ba4 Rd5 27. Bc1 Kf7
28. Kf1 Kf6 29. Ke2 Ke5 30. h4 Bf7 31. Bd2 Bh5+ 32. Ke1 Rd6 33. Bd1 Bxd1 34.
Kxd1 Rg6 35. g3 h5 36. Ke2 Rd6 37. Be1 Rd3 38. Bd2 g6 39. Ra2 Kd5 40. f3 Ke5
41. Rc2 Kd5 42. Ra2 Ke5 43. Rb2 Kd5 44. Rc2 Ke5 45. Bc1 Kd5 1/2-1/2

[Event "Miguel Najdorf Memorial 2010 Torneo B"]
[Site "Warszawa POL"]
[Date "2010.07.18"]
[Round "3.8"]
[White "Worobiej, Daniel"]
[Black "Hagner, Pawel"]
[Result "1/2-1/2"]
[WhiteElo "1736"]
[BlackElo "1901"]
[PlyCount "59"]
[EventDate "2010.07.17"]
[EventType "swiss"]
[EventRounds "9"]
[EventCountry "POL"]
[Source "lmi"]
[SourceDate "2010.07.17"]

1. b3 Nf6 2. Bb2 g6 3. e3 Bg7 4. f4 O-O 5. Nf3 d6 6. c4 c5 7. Nc3 Nc6 8. Be2 a6
9. O-O Qc7 10. d4 cxd4 11. Nxd4 Nxd4 12. Qxd4 e5 13. Qd2 Bf5 14. Bd3 Bxd3 15.
Qxd3 Rad8 16. Nd5 Nxd5 17. Qxd5 Qb6 18. Kh1 Qxe3 19. fxe5 Qe2 20. Rab1 dxe5 21.
Qxb7 e4 22. Bxg7 Kxg7 23. Qxa6 Rd2 24. Qf6+ Kg8 25. Qg5 Rxa2 26. Rfe1 Qd3 27.
Red1 Qc2 28. Rdc1 Qf2 29. Rf1 Qc2 30. Rfc1 1/2-1/2

[Event "Miguel Najdorf Memorial 2010 Torneo B"]
[Site "Warszawa POL"]
[Date "2010.07.18"]
[Round "3.10"]
[White "Januszkiewicz, Wojciech"]
[Black "Rozowski, Marcin"]
[Result "0-1"]
[WhiteElo "1692"]
[BlackElo "1890"]
[PlyCount "58"]
[EventDate "2010.07.17"]
[EventType "swiss"]
[EventRounds "9"]
[EventCountry "POL"]
[Source "lmi"]
[SourceDate "2010.07.17"]

1. e4 c5 2. Nf3 Nc6 3. d4 cxd4 4. Nxd4 Nf6 5. Nc3 e5 6. Ndb5 d6 7. Nd5 Nxd5 8.
exd5 Nb8 9. c4 Be7 10. Be3 a6 11. Nc3 O-O 12. Bd3 f5 13. f3 Nd7 14. b4 Bh4+ 15.
g3 Bg5 16. Bf2 e4 17. fxe4 f4 18. Bd4 Bf6 19. Bxf6 Qxf6 20. Qc2 Ne5 21. Rf1 f3
22. O-O-O Bh3 23. Nb1 Rac8 24. Nd2 b5 25. Kb1 Bxf1 26. Rxf1 bxc4 27. Nxc4 Nxc4
28. Bxc4 Qd4 29. Rc1 Rxc4 0-1

[Event "Miguel Najdorf Memorial 2010 Torneo B"]
[Site "Warszawa POL"]
[Date "2010.07.18"]
[Round "3.12"]
[White "Pawlowski, Michal"]
[Black "Bartczak, Hanna"]
[Result "1-0"]
[WhiteElo "1954"]
[BlackElo "1657"]
[PlyCount "55"]
[EventDate "2010.07.17"]
[EventType "swiss"]
[EventRounds "9"]
[EventCountry "POL"]
[Source "lmi"]
[SourceDate "2010.07.17"]

1. e4 d6 2. d4 Nf6 3. Nc3 Nbd7 4. f4 e5 5. Be3 c6 6. h3 Be7 7. Rb1 b5 8. Qf3
Bb7 9. g4 h6 10. Nge2 b4 11. Na4 exd4 12. Bxd4 c5 13. Bxf6 Bxf6 14. Ng3 Bh4 15.
Bd3 Nf6 16. O-O Bxg3 17. Qxg3 Qd7 18. b3 Qc6 19. Rbe1 O-O 20. c4 Rfe8 21. e5
dxe5 22. fxe5 Nd7 23. Be4 Qc7 24. Bxb7 Qxb7 25. Rf5 Qc7 26. g5 g6 27. gxh6 Kh7
28. Rxf7+ 1-0

[Event "Miguel Najdorf Memorial 2010 Torneo B"]
[Site "Warszawa POL"]
[Date "2010.07.18"]
[Round "3.13"]
[White "Lanica, Lukasz"]
[Black "Pietrzak, Wojciech"]
[Result "0-1"]
[WhiteElo "1597"]
[BlackElo "1949"]
[PlyCount "68"]
[EventDate "2010.07.17"]
[EventType "swiss"]
[EventRounds "9"]
[EventCountry "POL"]
[Source "lmi"]
[SourceDate "2010.07.17"]

1. d4 d5 2. c4 e6 3. Nc3 c5 4. cxd5 exd5 5. Nf3 Nc6 6. g3 Nf6 7. Bg2 Bg4 8.
dxc5 Bxc5 9. O-O O-O 10. Bg5 d4 11. Ne4 Be7 12. Nxf6+ gxf6 13. Bh6 Re8 14. Qa4
Qb6 15. e3 Bxf3 16. Bxf3 Ne5 17. Be2 dxe3 18. Bxe3 Qxb2 19. Bb5 Red8 20. Rfb1
Qa3 21. Qxa3 Bxa3 22. Rb3 Bf8 23. Be2 b6 24. f4 Ng6 25. Rc3 Re8 26. Kf2 Re7 27.
Rac1 Rae8 28. Bb5 Rd8 29. Rc7 Rd5 30. Rxe7 Nxe7 31. Bc4 Rd8 32. Ba6 Nf5 33. Rc7
Re8 34. Rc3 Nxe3 0-1

[Event "Miguel Najdorf Memorial 2010 Torneo B"]
[Site "Warszawa POL"]
[Date "2010.07.18"]
[Round "3.14"]
[White "Prazmowski, Bartosz"]
[Black "Suliborski, Artur"]
[Result "1-0"]
[WhiteElo "1893"]
[BlackElo "1728"]
[PlyCount "91"]
[EventDate "2010.07.17"]
[EventType "swiss"]
[EventRounds "9"]
[EventCountry "POL"]
[Source "lmi"]
[SourceDate "2010.07.17"]

1. d4 Nf6 2. c4 c5 3. d5 b5 4. cxb5 a6 5. b6 d6 6. Qb3 Bb7 7. Nc3 Nbd7 8. e4
Qxb6 9. Qxb6 Nxb6 10. a4 g6 11. a5 Nbd7 12. Nf3 Bg7 13. Bd3 Rc8 14. Bc4 Ng4 15.
h3 Nge5 16. Nxe5 Nxe5 17. Be2 h6 18. Ra3 O-O 19. Rb3 Rb8 20. Na4 e6 21. Nb6
exd5 22. exd5 Bxd5 23. Rg3 Bc6 24. Bxa6 Nd7 25. Nxd7 Bxd7 26. Bc4 Kh7 27. b3
Be6 28. Bxe6 fxe6 29. Re3 Bd4 30. Rxe6 Bxf2+ 31. Ke2 Bh4 32. Rxd6 g5 33. Be3
Rxb3 34. Bxc5 Re8+ 35. Kd2 Bg3 36. Rd7+ Kg6 37. Bd4 Rc8 38. Ra1 Bf4+ 39. Ke1
Ra8 40. a6 Rbb8 41. a7 Re8+ 42. Kf2 Rf8 43. Ke2 Rfe8+ 44. Kd3 Bg3 45. Ra6+ Kh5
46. Rh7 1-0

[Event "Miguel Najdorf Memorial 2010 Torneo B"]
[Site "Warszawa POL"]
[Date "2010.07.18"]
[Round "3.15"]
[White "Kwiek, Janusz"]
[Black "Wroblewski, Szymon"]
[Result "1/2-1/2"]
[WhiteElo "1728"]
[BlackElo "1847"]
[PlyCount "102"]
[EventDate "2010.07.17"]
[EventType "swiss"]
[EventRounds "9"]
[EventCountry "POL"]
[Source "lmi"]
[SourceDate "2010.07.17"]

1. Nf3 c5 2. c4 Nf6 3. g3 g6 4. Bg2 Bg7 5. Nc3 O-O 6. O-O Nc6 7. d3 e6 8. Bf4
d5 9. Rb1 a6 10. Qd2 Qe7 11. Bh6 Rd8 12. Bxg7 Kxg7 13. cxd5 exd5 14. Rfd1 b5
15. e3 Rb8 16. Rbc1 Be6 17. Ne2 c4 18. Ned4 Nb4 19. Ne5 Bd7 20. Nxd7 Rxd7 21.
dxc4 dxc4 22. a3 Nd3 23. Nc6 Nxc1 24. Qxc1 Rxd1+ 25. Qxd1 Qd7 26. Qxd7 Nxd7 27.
Nxb8 Nxb8 28. Bb7 f5 29. Kf1 Kf6 30. Ke2 Ke5 31. f4+ Kd6 32. e4 fxe4 33. Ke3 a5
34. Bxe4 Nd7 35. Kd4 Nc5 36. Bc2 Ne6+ 37. Kc3 Kc5 38. f5 b4+ 39. axb4+ axb4+
40. Kd2 gxf5 41. Bxf5 Nd4 42. Be4 Ne6 43. h4 h6 44. Ke3 Kd6 45. g4 Ke5 46. Bg2
c3 47. bxc3 bxc3 48. Be4 Nd4 49. Bg6 c2 50. Kd2 Kf4 51. g5 Nf3+ 1/2-1/2

[Event "Miguel Najdorf Memorial 2010 Torneo B"]
[Site "Warszawa POL"]
[Date "2010.07.20"]
[Round "4.1"]
[White "Rozowski, Marcin"]
[Black "Grabara, Krzysztof"]
[Result "0-1"]
[WhiteElo "1890"]
[BlackElo "1961"]
[PlyCount "46"]
[EventDate "2010.07.17"]
[EventType "swiss"]
[EventRounds "9"]
[EventCountry "POL"]
[Source "lmi"]
[SourceDate "2010.07.17"]

1. e4 e6 2. d4 d5 3. e5 c5 4. c3 Nc6 5. Nf3 Bd7 6. Be2 cxd4 7. cxd4 Nge7 8. Na3
Nf5 9. Nc2 b5 10. O-O Qb6 11. b3 a5 12. a3 Be7 13. Re1 h5 14. Be3 Nxe3 15. fxe3
g5 16. Rf1 g4 17. Nd2 Bg5 18. Nb1 Ne7 19. Bd3 Bxe3+ 20. Nxe3 Qxd4 21. Nc3 Qxc3
22. Qe2 Rb8 23. Rac1 Qxe5 0-1

[Event "Miguel Najdorf Memorial 2010 Torneo B"]
[Site "Warszawa POL"]
[Date "2010.07.20"]
[Round "4.2"]
[White "Eggink, Mateusz"]
[Black "Eggink, Ryszard"]
[Result "1/2-1/2"]
[WhiteElo "1833"]
[BlackElo "1896"]
[PlyCount "95"]
[EventDate "2010.07.17"]
[EventType "swiss"]
[EventRounds "9"]
[EventCountry "POL"]
[Source "lmi"]
[SourceDate "2010.07.17"]

1. e4 Nf6 2. Nc3 e5 3. Nf3 d6 4. d4 exd4 5. Nxd4 Nc6 6. Be2 Nxd4 7. Qxd4 Be7 8.
O-O O-O 9. b3 Nd7 10. Nd5 Bf6 11. Nxf6+ Qxf6 12. Bb2 Qxd4 13. Bxd4 Re8 14. f3
Nb6 15. Rfe1 Be6 16. Rad1 f5 17. Bd3 fxe4 18. Bxe4 c5 19. Bf2 d5 20. Bd3 d4 21.
Re5 Nd7 22. Re2 Bf7 23. Rde1 Rxe2 24. Rxe2 Re8 25. Rxe8+ Bxe8 26. Bg3 Bg6 27.
Bxg6 hxg6 28. Kf2 Kf7 29. Ke2 Ke6 30. Kd3 Kd5 31. c4+ dxc3 32. Kxc3 b5 33. b4
c4 34. Bf2 a6 35. Bd4 Ne5 36. h4 Ke6 37. f4 Nc6 38. Bxg7 Kf5 39. g3 Nd8 40. Bd4
Ne6 41. Be5 Ke4 42. a4 Ke3 43. axb5 axb5 44. f5 gxf5 45. h5 Nf8 46. h6 Nh7 47.
Bf4+ Ke4 48. Bc7 1/2-1/2